Cases in sales management : by J. Sterling Livingston and Robert T. Davis.

Bibliographic Details
Main Author: Livingston, Julius Sterling, 1916-
Other Authors: Davis, Robert T., 1921-1995
Format: Book
Language:English
Published: Homewood, Ill. : R. D. Irwin, 1962.
Subjects:

MARC

Tag First Indicator Second Indicator Subfields
LEADER 00000cam a2200000 4500
001 in00000213929
005 20151009060543.0
008 730208s1962 ilua 00010 eng d
010 |a  62014248  
035 |a (OCoLC)00555847 
035 |9 AAX3897AM 
040 |c CSU  |d TXA  |d UtOrBLW 
049 |a TXAM  |c [1023063] 
050 0 0 |a HF5438  |b .L63 
082 0 |a 658.81 
100 1 |a Livingston, Julius Sterling,  |d 1916- 
245 1 0 |a Cases in sales management :  |b by J. Sterling Livingston and Robert T. Davis. 
264 1 |a Homewood, Ill. :  |b R. D. Irwin,  |c 1962. 
300 |a 722 pages :  |b illustrations 
336 |a text  |b txt  |2 rdacontent 
337 |a unmediated  |b n  |2 rdamedia 
338 |a volume  |b nc  |2 rdacarrier 
650 0 |a Sales management. 
700 1 |a Davis, Robert T.,  |d 1921-1995. 
999 |a MARS 
999 f f |s a785dba0-e4dc-3ab1-ac83-20eba0f9ca47  |i e7dc2e9d-0ace-3a83-9cbd-fffde0b8287f  |t 0 
952 f f |p normal  |a Texas A&M University  |b College Station  |c Sterling C. Evans Library  |d Evans: Library Stacks  |t 0  |e HF5438 .L63  |h Library of Congress classification  |i unmediated -- volume  |m A14802800144 
998 f f |a HF5438 .L63  |t 0  |l Evans: Library Stacks